| 000 | 00627nam a22002057a 4500 | ||
|---|---|---|---|
| 003 | OSt | ||
| 005 | 20140310182826.0 | ||
| 008 | 130528t xxu||||| |||| 00| 0 eng d | ||
| 020 | _a9789712721359 | ||
| 050 |
_aDS 35 _b.D715 2008 |
||
| 082 |
_aFIL 959.053 _bD715 2008 |
||
| 245 |
_aAfro-Asia in upheaval : _ba memoir of front-line reporting _cDoronila, Amando |
||
| 260 |
_aPasig City, Philippines _bPublished and exclusively distributed by Anvil Pub. _cc2008 |
||
| 300 |
_axvi, 353 p. _bill. _c23 cm. |
||
| 521 | _acollege students | ||
| 526 | _c1210L-1700L | ||
| 541 | _j1 | ||
| 562 | _e1 | ||
| 942 |
_2lcc _cBK _kFIL |
||
| 999 |
_c16490 _d16490 |
||